Russian Revolution (Record no. 76886)
[ view plain ]
| 000 -LEADER | |
|---|---|
| fixed length control field | 01291cab a2200193 4500 |
| 001 - CONTROL NUMBER | |
| control field | ##L133245 |
| 008 - FIXED-LENGTH DATA ELEMENTS--GENERAL INFORMATION | |
| fixed length control field | 060424n2006 000 0 eng u |
| 035 ## - SYSTEM CONTROL NUMBER | |
| System control number | (Sirsi) u133245 |
| 041 0# - LANGUAGE CODE | |
| Language code of text/sound track or separate title | eng |
| 100 1# - MAIN ENTRY--PERSONAL NAME | |
| Personal name | Whitmore, James |
| 245 00 - TITLE STATEMENT | |
| Title | Russian Revolution |
| 260 ## - PUBLICATION, DISTRIBUTION, ETC. | |
| Date of publication, distribution, etc. | 2006 |
| 490 0# - SERIES STATEMENT | |
| Series statement | Property Week |
| Volume/sequential designation | 71(16) 21 April 2006, 42-45(4) |
| 520 ## - SUMMARY, ETC. | |
| Summary, etc. | China, India and Russia are the three nations whose commercial property markets are in their infancy but are about to boom. Of these, Russia has the most advanced property market with international occupiers and investors are lining up to make deals. Among them is world's most largest property services firm, CB Richard Ellis who is buying one the dominant four Russian advisory firms, Noble Gibbons. However, foreign investors may be showing signs of false optimism. Critics have claimed that despite economic growth, Russia is underperforming in attracting foreign investment, is riddled with corruption and red tape and needs to diversify away from its dependence on oil and gas. In contrast, others firmly believe that the Russian property market is just too exciting an opportunity to miss out on. |
| 590 ## - LOCAL NOTE (RLIN) | |
| Local note | IKA250406 |
| 650 24 - SUBJECT ADDED ENTRY--TOPICAL TERM | |
| Topical term or geographic name entry element | RUSSIA |
| 690 ## - LOCAL SUBJECT ADDED ENTRY--TOPICAL TERM (OCLC, RLIN) | |
| Topical term or geographic name as entry element | PROPERTY-COMMERCIAL PROPERTY-COMMERCIAL PROPERTY MARKET |
| 942 ## - ADDED ENTRY ELEMENTS (KOHA) | |
| Suppress in OPAC | 0 |
| Withdrawn status | Lost status | Source of classification or shelving scheme | Damaged status | Not for loan | Home library | Current library | Shelving location | Date acquired | Total Checkouts | Full call number | Barcode | Date last seen | Copy number | Price effective from | Koha item type |
|---|---|---|---|---|---|---|---|---|---|---|---|---|---|---|---|
| Dewey Decimal Classification | London | London | Journal article | 24/04/2006 | L133245 | 133245-1001 | 06/08/2019 | 1 | 06/08/2019 | Journal article |